| 000 | 01458nam a2200361 i 4500 | ||
|---|---|---|---|
| 001 | 000026234 | ||
| 003 | DO-SdBNP | ||
| 005 | 20241106124948.0 | ||
| 007 | ta | ||
| 008 | 110307s1999 dr a 000 0 spa d | ||
| 040 |
_aDO-SdBNP _bspa _cBNPHU _erda |
||
| 041 | _aspa | ||
| 082 | 4 |
_a972.93053 _bB623t _222 |
|
| 100 | 1 |
_aBissié, Miguel Ángel, _d1934- _eautor _4aut. _916406 |
|
| 245 | 1 | 0 |
_aTrujillo y el 30 de mayo : _ben honor a la verdad / _cMiguel Ángel Bissié ; prólogo Emilio Cordero Michel. |
| 264 | 4 |
_aSanto Domingo, República Dominicana : _bSusaeta Ediciones Dominicanas, _c©1999. |
|
| 300 |
_a160 páginas : _bilustraciones ; _c22 cm. |
||
| 336 |
_atexto _btxt _2rdacontent |
||
| 337 |
_asin mediación _bn _2rdamedia |
||
| 338 |
_avolumen _bnc _2rdacarrier |
||
| 500 | _aIncluye índice de nombres | ||
| 500 | _aIncluye datos biográficos del autor en la contracubierta. | ||
| 504 | _aBibliografía: p.143-145 | ||
| 504 | _aIncluye referencias bibliográficas y notas al pie de las páginas. | ||
| 590 | _aInventariado, 2023 / DG | ||
| 600 | 1 | 0 |
_aTrujillo Molina, Rafael Leónidas, _d1891-1961 _xMuerte _910869 |
| 600 | 1 | 4 |
_aBISSIÉ, MIGUEL ANGEL _d1934- _916406 |
| 650 | 4 |
_aAsesinato _zRepública Dominicana _xHistoria _916407 |
|
| 650 | 4 |
_aHomicidio político _zRepública Dominicana _911383 |
|
| 700 | 1 | 2 |
_aCordero Michel, Emilio, _d1929-2018 _eprologuista _4pr. _944029 |
| 910 | _aValidado. Control de calidad MFF | ||
| 942 |
_2ddc _cLBS1 |
||
| 999 |
_c25726 _d25726 |
||